[Event "Titled Tuesday intern op 26th Mar Late"]
[Site "Chess.com INT"]
[Date "2024.03.26"]
[Round "10"]
[White "Zierk, Steven C"]
[Black "Aghasiyev, Kamal"]
[Result "1-0"]
[WhiteElo "2487"]
[BlackElo "2441"]
[PlyCount "55"]
[EventDate "2024.03.26"]
[EventType "swiss (blitz)"]
[EventRounds "11"]
[EventCountry "USA"]
[SourceTitle "EXT 2025"]
[Source "ChessBase"]
[SourceDate "2024.10.14"]
[SourceVersion "1"]
[SourceVersionDate "2024.10.14"]
[SourceQuality "1"]

1. e4 c5 2. Nf3 d6 3. d4 cxd4 4. Nxd4 Nf6 5. Nc3 g6 6. Be3 Bg7 7. f3 0-0 8. Qd2 Nc6 9. 0-0-0 d5 10. Qe1 e5 11. Nxc6 bxc6 12. exd5 Nxd5 13. Bc4 Be6 14. Bc5 Re8 15. Ne4 Qc7 16. h4 Rad8 17. h5 Nf4 18. Rxd8 Rxd8 19. Bxe6 Nxe6 20. hxg6 hxg6 21. Ba3 c5 22. Qh4 f5 23. Nxc5 Nd4 24. c3 Ne2+ 25. Kc2 Nf4 26. g3 Nd5 27. Ne6 Ne3+ 28. Kb1 1-0

[Event "Titled Tuesday intern op 26th Mar Late"]
[Site "Chess.com INT"]
[Date "2024.03.26"]
[Round "8"]
[White "Zierk, Steven C"]
[Black "Troff, Kayden W"]
[Result "0-1"]
[WhiteElo "2487"]
[BlackElo "2487"]
[PlyCount "120"]
[EventDate "2024.03.26"]
[EventType "swiss (blitz)"]
[EventRounds "11"]
[EventCountry "USA"]
[SourceTitle "EXT 2025"]
[Source "ChessBase"]
[SourceDate "2024.10.14"]
[SourceVersion "1"]
[SourceVersionDate "2024.10.14"]
[SourceQuality "1"]

1. e4 c5 2. Nf3 g6 3. d4 cxd4 4. Nxd4 Bg7 5. c4 Qb6 6. Nb3 a5 7. Be3 Qb4+ 8. Bd2 Qd6 9. Bc3 Qxd1+ 10. Kxd1 Nf6 11. f3 0-0 12. Bxa5 Nxe4 13. fxe4 Bxb2 14. Bc3 Bxa1 15. Bxa1 Rxa2 16. Nc3 Ra3 17. Kc2 Nc6 18. Nd5 d6 19. Bb2 Ra4 20. Nd4 Re8 21. Bd3 Be6 22. Nb5 Bxd5 23. exd5 Nb4+ 24. Kc3 Rc8 25. Kd2 Nxd3 26. Kxd3 Rcxc4 27. Re1 Rcb4 28. Nc3 Ra5 29. Bc1 Kf8 30. Bh6+ Ke8 31. h4 f6 32. Bd2 Rxh4 33. Rb1 Ra7 34. Be3 Ra8 35. Rxb7 Rg4 36. Nb5 Rc8 37. Bd4 Rg3+ 38. Ke4 f5+ 39. Kf4 Rg4+ 40. Kf3 Rc4 41. Be3 Rge4 42. Nd4 Rc3 43. Ne6 Rcxe3+ 44. Kf2 Rxe6 45. dxe6 Rxe6 46. Rb8+ Kf7 47. Kf3 Re4 48. g3 h5 49. Rh8 Kg7 50. Re8 d5 51. Rd8 d4 52. Rd7 Kf6 53. Rd8 e5 54. Rd7 Kg5 55. Kf2 Re3 56. Rd5 Kg4 57. Rd6 g5 58. Rd5 Rf3+ 59. Ke2 Rxg3 60. Rxe5 Re3+ 0-1

[Event "Titled Tuesday intern op 27th Feb Early"]
[Site "Chess.com INT"]
[Date "2024.02.27"]
[Round "7"]
[White "Korchynskyi, Mykola"]
[Black "Zierk, Steven C"]
[Result "0-1"]
[WhiteElo "2263"]
[BlackElo "2487"]
[PlyCount "68"]
[EventDate "2024.02.27"]
[EventType "swiss (blitz)"]
[EventRounds "11"]
[EventCountry "USA"]
[SourceTitle "EXT 2025"]
[Source "ChessBase"]
[SourceDate "2024.10.14"]
[SourceVersion "1"]
[SourceVersionDate "2024.10.14"]
[SourceQuality "1"]

1. d4 Nf6 2. c4 c5 3. d5 b5 4. cxb5 a6 5. e3 axb5 6. Bxb5 Qa5+ 7. Nc3 Bb7 8. Bd2 Qb6 9. Qb3 e6 10. e4 exd5 11. exd5 Bd6 12. Nf3 0-0 13. 0-0 Na6 14. a4 Nc7 15. a5 Rxa5 16. Rxa5 Qxa5 17. Ne4 Qxb5 18. Nxf6+ gxf6 19. Qc3 Nxd5 20. Qc2 Ba6 21. Re1 Qd3 22. Qc1 Nc7 23. Bf4 Re8 24. Bxd6 Rxe1+ 25. Qxe1 Qxd6 26. h3 Ne6 27. Qe3 Bb7 28. Nh4 Qf4 29. Qxf4 Nxf4 30. Nf5 Bxg2 31. h4 Be4 32. Ng3 d5 33. Kf1 Nd3 34. b3 Nc1 0-1

[Event "Titled Tuesday intern op 27th Feb Early"]
[Site "Chess.com INT"]
[Date "2024.02.27"]
[Round "4"]
[White "Melian, Juan Sebastian"]
[Black "Zierk, Steven C"]
[Result "0-1"]
[WhiteElo "2218"]
[BlackElo "2487"]
[PlyCount "56"]
[EventDate "2024.02.27"]
[EventType "swiss (blitz)"]
[EventRounds "11"]
[EventCountry "USA"]
[SourceTitle "EXT 2025"]
[Source "ChessBase"]
[SourceDate "2024.10.14"]
[SourceVersion "1"]
[SourceVersionDate "2024.10.14"]
[SourceQuality "1"]

1. e4 c5 2. Nf3 d6 3. c3 Nf6 4. h3 Nc6 5. Bd3 g6 6. Bc2 Bg7 7. 0-0 0-0 8. d4 cxd4 9. cxd4 e5 10. d5 Nb4 11. Bb3 a5 12. a3 Na6 13. Nc3 Bd7 14. Qe2 Nc5 15. Bc4 b5 16. Bxb5 Nfxe4 17. Nxe4 Bxb5 18. Qxb5 Nxe4 19. Be3 Qb8 20. Qc4 f5 21. b4 Rc8 22. Qb3 Nc3 23. Kh1 Qb5 24. Rfc1 a4 25. Qb2 Nxd5 26. Qd2 Nxe3 27. Qxe3 d5 28. Nxe5 d4 0-1

[Event "Titled Tuesday intern op 27th Feb Early"]
[Site "Chess.com INT"]
[Date "2024.02.27"]
[Round "6"]
[White "Zierk, Steven C"]
[Black "Andreev, Konstantin1"]
[Result "1-0"]
[WhiteElo "2487"]
[BlackElo "2228"]
[PlyCount "101"]
[EventDate "2024.02.27"]
[EventType "swiss (blitz)"]
[EventRounds "11"]
[EventCountry "USA"]
[SourceTitle "EXT 2025"]
[Source "ChessBase"]
[SourceDate "2024.10.14"]
[SourceVersion "1"]
[SourceVersionDate "2024.10.14"]
[SourceQuality "1"]

1. e4 c5 2. Nf3 e6 3. d4 cxd4 4. Nxd4 Nc6 5. Nc3 Qc7 6. Be3 a6 7. f3 Nf6 8. Qd2 h5 9. 0-0-0 Be7 10. Kb1 b5 11. Nxc6 dxc6 12. Bg5 c5 13. e5 Qxe5 14. Bf4 Qd4 15. Qc1 Qb4 16. Bc7 c4 17. Bb6 Nd5 18. Rxd5 exd5 19. Nxd5 Qd6 20. Nc7+ Kf8 21. Nxa8 Bb7 22. Bc7 Qc6 23. Qf4 Bxa8 24. Be2 g5 25. Qd4 f6 26. Ba5 Kg7 27. Rd1 Re8 28. h4 Bc5 29. Qd2 Qe6 30. Bf1 gxh4 31. Qf4 Be3 32. Qxh4 Kg6 33. g4 Bxf3 34. gxh5+ Kh6 35. Re1 Qf5 36. Rxe3 Rxe3 37. Bd2 Qg5 38. Qxg5+ fxg5 39. Bxe3 Kxh5 40. Kc1 g4 41. Bf2 Kg5 42. Bg3 Kf5 43. Kd2 Ke4 44. b3 Kd4 45. c3+ Kd5 46. bxc4+ bxc4 47. Ke3 a5 48. Be2 Bxe2 49. Kxe2 Ke4 50. a4 Kd5 51. Ke3 1-0

[Event "Titled Tuesday intern op 27th Feb Early"]
[Site "Chess.com INT"]
[Date "2024.02.27"]
[Round "8"]
[White "Zierk, Steven C"]
[Black "Cuenca Jimenez, Jose Fernando"]
[Result "1-0"]
[WhiteElo "2487"]
[BlackElo "2499"]
[PlyCount "75"]
[EventDate "2024.02.27"]
[EventType "swiss (blitz)"]
[EventRounds "11"]
[EventCountry "USA"]
[SourceTitle "EXT 2025"]
[Source "ChessBase"]
[SourceDate "2024.10.14"]
[SourceVersion "1"]
[SourceVersionDate "2024.10.14"]
[SourceQuality "1"]

1. e4 c5 2. Nf3 Nc6 3. Bb5 e5 4. 0-0 Bd6 5. d3 Nge7 6. a4 0-0 7. Nbd2 Bc7 8. Re1 a6 9. Bc4 d5 10. exd5 Nxd5 11. Ne4 b6 12. Bg5 Qd7 13. c3 Kh8 14. d4 f5 15. Nxe5 Nxe5 16. dxe5 Bb7 17. Nd6 Bxd6 18. exd6 Nf6 19. Re7 Qc6 20. f3 Rad8 21. Rc7 Rxd6 22. Rxc6 Rxd1+ 23. Rxd1 Bxc6 24. Rd6 Bxa4 25. Rxb6 Bb5 26. Bxb5 axb5 27. Bxf6 gxf6 28. Rxb5 Rc8 29. Rb7 c4 30. f4 Rd8 31. Kf2 Rd2+ 32. Kf3 Kg8 33. h3 h5 34. Rb5 Kg7 35. Rxf5 Rxb2 36. Rc5 Kg6 37. Rxc4 Rc2 38. g4 1-0